ბათუმის შოთა რუსთაველის სახელმწიფო უნივერსიტეტის ბიბლიოთეკა

სუბტროპიკული ტექნიკური კულტურები (ბიბ.ჩანაწერი № 44688)

000 -LEADER
fixed length control field 01090nam a2200229Ia 4500
001 - CONTROL NUMBER
control field 11492
003 - CONTROL NUMBER IDENTIFIER
control field GE_BSU
008 - FIXED-LENGTH DATA ELEMENTS--GENERAL INFORMATION
fixed length control field 181216s||||||||xx |||||||||||||| ||und||
040 ## - CATALOGING SOURCE
Transcribing agency GE_BSU
080 ## - UNIVERSAL DECIMAL CLASSIFICATION NUMBER
Universal Decimal Classification number 633.5/9(213)(075.8)
100 ## - MAIN ENTRY--PERSONAL NAME
Personal name დოღონაძე,რ; კომახიძე,ვ; ბერაია,ი.
245 ## - TITLE STATEMENT
Title სუბტროპიკული ტექნიკური კულტურები
245 ## - TITLE STATEMENT
Remainder of title სახელმძღვ.სუბტროპიკული მეურნეობის ინ-ტის სტუდენტებისათვის.
245 ## - TITLE STATEMENT
Statement of responsibility, etc. რედ:თ.კობერიძე.
260 ## - PUBLICATION, DISTRIBUTION, ETC.
Place of publication, distribution, etc. თბილისი
260 ## - PUBLICATION, DISTRIBUTION, ETC.
Name of publisher, distributor, etc. ცოდნა
260 ## - PUBLICATION, DISTRIBUTION, ETC.
Date of publication, distribution, etc. 1964
300 ## - PHYSICAL DESCRIPTION
Extent 337გვ;24სმ.
300 ## - PHYSICAL DESCRIPTION
Other physical details ილ.
653 ## - INDEX TERM--UNCONTROLLED
Uncontrolled term სუბტროპიკული ტექნიკური კულტურები.სახელმძღვ.სუბტროპიკული მეურნეობის ინ-ტის სტუდენტებისათვის.
942 ## - ADDED ENTRY ELEMENTS (KOHA)
Koha item type წიგნი
ეგზემპლარები
Withdrawn status Lost status Damaged status Not for loan Date acquired Barcode Date last seen Price effective from Koha item type
        2018-12-17 20102 2018-12-17 2018-12-17 წიგნი
        2018-12-17 20101 2018-12-17 2018-12-17 წიგნი